Statistiques concernant Culture Générale - Série 1294

Cliquez ici pour prendre le quiz!

Statistiques générales

  • Ce quiz a été pris 43 fois
  • Le résultat moyen est 7 sur 10

Statistiques - réponses

Question Réponse % Correct
Quelle ville est surnommée « la cité phocéenne » ?Marseille
98%
Quelle chaîne de montagnes se traduit par « demeure des neiges » et compte l'Everest parmi ses sommets ?Himalaya
90%
Quelle chaîne de montagnes forme une frontière naturelle entre l'Europe et l'Asie dans l'ouest de la Russie ?Oural
83%
Quelle ville italienne est desservie par l'aéroport Marco Polo ?Venise
83%
Quelle ville est célèbre pour ses bêtises ?Cambrai
83%
Quelle ville du sud de la France est surnommée la capitale des parfums ?Grasse
70%
Quelle est la spécialité d'un cartographe ?cartes
65%
Quelle ville portuaire de Nouvelle-Zélande compte tant de bateaux qu'on la surnomme la « ville des voiles » ?Auckland
45%
Quelle ville française organise chaque année les Trans Musicales ?Rennes
35%
Comment s'appelle la marionnette du ventriloque Michel Dejeneffe ?Tatayet
10%

Distribution des résultats

Percentile par nombre de réponses

% des personnes avec chaque résultat

Votre développement - résultats

Vous n’avez pas pris ce quiz